Central Library OPAC University of Rajshahi

গবেষণার মৌল বিষয় : তাফসীর হাদীস ও ইতিহাস / (Record no. 74115)

MARC details
000 -LEADER
fixed length control field 00955nam a2200241 a 4500
001 - CONTROL NUMBER
control field 74115
003 - CONTROL NUMBER IDENTIFIER
rucl marc code BD-RjUL
005 - DATE AND TIME OF LATEST TRANSACTION
control field 20211209082509.0
008 - FIXED-LENGTH DATA ELEMENTS--GENERAL INFORMATION
fixed length control field 180228s2017 bg ||||| b||| 000 0 ben d
020 ## - INTERNATIONAL STANDARD BOOK NUMBER
International Standard Book Number 9789848867761
Terms of availability Tk. 220.00
035 ## - SYSTEM CONTROL NUMBER
System control number (BD-RjUL)74333
040 ## - CATALOGING SOURCE
Original cataloging agency BD-RjUL
Language of cataloging eng
Transcribing agency BD-RjUL
041 ## - LANGUAGE CODE
Language code of text/sound track or separate title ben
082 ## - DEWEY DECIMAL CLASSIFICATION NUMBER
Edition number 23
Classification number 297.072
Author mark and year ISG 2017
100 1# - MAIN ENTRY--PERSONAL NAME
Personal name ইসলাম, মুহাম্মদ ইকরামুল /
9 (RLIN) 220323
245 10 - TITLE STATEMENT
Title গবেষণার মৌল বিষয় : তাফসীর হাদীস ও ইতিহাস /
Statement of responsibility, etc. মুহাম্মদ ইকরামুল ইসলাম,
260 ## - PUBLICATION, DISTRIBUTION, ETC. (IMPRINT)
Place of publication, distribution, etc. রাজশাহী :
Name of publisher, distributor, etc. পরিলেখ ;
Date of publication, distribution, etc. ২০১৭
300 ## - PHYSICAL DESCRIPTION
Pagination ১৬০ পৃ. ;
Size ২২ সেমি.
504 ## - BIBLIOGRAPHY, ETC. NOTE
Bibliography, etc গ্রন্থপঞ্জি সম্বলিত
650 ## - SUBJECT ADDED ENTRY--TOPICAL TERM
Topical term or geographic name as entry element ইসলাম
Form subdivision গবেষণা
9 (RLIN) 220324
Topical term or geographic name as entry element Islam
Form subdivision Research
9 (RLIN) 220325
942 ## - ADDED ENTRY ELEMENTS (KOHA)
Source of classification or shelving scheme Dewey Decimal Classification
Koha item type Books
Holdings
Lost status Source of classification or shelving scheme Damaged status Not for loan Collection code Permanent Location Current Location Shelving location Date acquired Source of acquisition Cost, normal purchase price Total Checkouts Full call number Date last seen Copy number Koha item type
  Dewey Decimal Classification   Not For Loan Non-fiction Central Library, University of Rajshahi Central Library, University of Rajshahi Reading Room 27/02/2017 Author 220.00   B 297.072 ISG 2017 28/02/2018 C-1 Books
  Dewey Decimal Classification     Non-fiction Central Library, University of Rajshahi Central Library, University of Rajshahi   27/02/2017 Author 220.00   B 297.072 ISG 2017 28/02/2018 C-2 Books
  Dewey Decimal Classification     Non-fiction Central Library, University of Rajshahi Central Library, University of Rajshahi   27/02/2017 Author 220.00   B 297.072 ISG 2017 28/02/2018 C-3 Books
  Dewey Decimal Classification     Non-fiction Central Library, University of Rajshahi Central Library, University of Rajshahi   27/02/2017 Author 220.00   B 297.072 ISG 2017 28/02/2018 _C-4 Books
  Dewey Decimal Classification     Non-fiction Central Library, University of Rajshahi Central Library, University of Rajshahi   27/02/2017 Author 220.00   B 297.072 ISG 2017 28/02/2018 C-5 Books